| 000 | 00385nam a2200133 i 4500 | ||
|---|---|---|---|
| 001 | 39010 | ||
| 003 | ES-MaACL | ||
| 005 | 20230906155854.0 | ||
| 007 | t| | ||
| 008 | 030227s1921 gr ||||1| fre d | ||
| 245 | 0 | 3 |
_aLa campagne grecque en Asie Mineure, 1921 _b: dépêches de correspondants de la presse mondiale. |
| 260 |
_aAthénes : _b[s.n., _c1921] |
||
| 852 |
_aES-MaACL _j1623-F-18 |
||
| 999 |
_c39010 _d39010 |
||